[Event "Vigevano op 1st"]
[Site "Vigevano"]
[Date "2025.06.01"]
[Round "3"]
[White "Pontiroli, Luca"]
[Black "Riggi, Jose Eugenio"]
[Result "1-0"]
[WhiteElo "1740"]
[BlackElo "1533"]
[PlyCount "37"]
[EventDate "2025.05.31"]
[EventType "swiss"]
[EventRounds "7"]
[EventCountry "ITA"]
[SourceTitle "CB23_2025"]
[SourceDate "2025.06.04"]
[SourceVersion "1"]
[SourceVersionDate "2025.06.04"]
[SourceQuality "1"]

1. d4 d5 2. c4 e6 3. Nc3 Nf6 4. Nf3 c6 5. Bf4 Nbd7 6. e3 Be7 7. Bd3 0-0 8. Qc2 dxc4 9. Bxc4 b5 10. Bd3 Bb7 11. 0-0 a6 12. Ne4 Rc8 13. Nd6 Bxd6 14. Bxd6 Re8 15. b4 Nb6 16. Bc5 Na4 17. Ng5 h6 18. Bh7+ Nxh7 19. Qxh7# 1-0